| 000 | 05490nam0a22006491 4500 | ||
|---|---|---|---|
| 001 | v19\rc\2110924 | ||
| 005 | 20260503064359.0 | ||
| 035 | _a(NLR Aleph) 005279597 | ||
| 090 |
_a6084214 _c6084214 |
||
| 100 | _a20090914d1819 |||y0rusy50 ca | ||
| 101 | 0 | _arus | |
| 102 | _aRU | ||
| 135 | _acrcn 024anaba | ||
| 140 | _ay jlk ga lgyaa0000 | ||
| 200 | 1 |
_aСокращенныя записки флота капитан-лейтенанта (ныне капитана перваго ранга) Головнина, о плавании его на шлюпе Диане, для описи Курильских островов, в 1811 году. _fИзданныя Государственным Адмиралтейским департаментом |
|
| 210 |
_aВ Санктпетербурге _cв Морской типографии _d1819 |
||
| 215 |
_a[6], 146, [2] с., [3] л. карт. _d4° (25 см) |
||
| 300 | _aПодстроч. примеч. авт. На с.[3, 5] "Примечания" авт., содержащие пояснения некоторых местных морских терминов и особенностей составления "Карты Сахалинскаго моря". | ||
| 300 | _aНа отд. л. карты - офорт с резцом. Карты: "Карта Сахалинскаго моря с описью южных Курильских островов, сделанной на шлюпе Диане в 1811м году под командою капитана Головнина; а потом в 1812 и 1813 годах на том же шлюпе под командою капитана Рикорда", "План Бротонова гавани на северной стороне Курильскаго острова Симусира, которую жители сих островов называют Го, означающее на их языке озеро. Описал российскаго императорскаго шлюпа Дианы штурман 9го класса Хлебников в 1811м году" (Сост. А.И. Хлебников) и "План гавани на 0-ой стороне Урупа, осмотренной мичманом Муром и штурманским помошником Средним в 1811 году в июне месяце" (сост. Ф.Ф. Мур и В. Средний) | ||
| 316 |
_aЭкз. РНБ (18.7.2.13). Размер: 24,8х20,5х1,5 см. _5NLR: 18.7.2.13 |
||
| 321 | 1 | _aСК 1801-1825 1858 | |
| 325 | _aКопия доступна в Электрон. б-ке РНБ | ||
| 327 | 0 | _aЗамечания флота капитана Рикорда (С.124-146) | |
| 464 | 0 |
_12001#$aЗамечания флота капитана Рикорда _1215##$aС.124-146 _tЗамечания флота капитана Рикорда |
|
| 517 | 1 | _aКарта Сахалинскаго моря с описью южных Курильских островов | |
| 517 | 1 | _aПлан Бротонова гавани на северной стороне Курильскаго острова Симусира | |
| 517 | 1 | _aПлан гавани на 0-ой стороне Урупа | |
| 518 | 1 | _aКарта Сахалинского моря с описью южных Курильских островов | |
| 518 | 1 | _aПлан Бротонова гавани на северной стороне Курильского острова Симусира | |
| 518 | 1 | _aСокращенные записки флота капитан-лейтенанта (ныне капитана первого ранга) Головнина, о плавании его на шлюпе Диане, для описи Курильских островов в 1811 году | |
| 620 | _dСанкт-Петербург | ||
| 700 | 1 |
_7ca _8rus _aГоловнин _bВ. М. _f1776-1831 _gВасилий Михайлович _977159 _3RU\NLR\AUTH\7794233 |
|
| 702 | 1 |
_4770 _4180 _7ca _8rus _aРикорд _bП. И. _f1776-1855 _gПетр Иванович _977163 _3RU\NLR\AUTH\7794237 |
|
| 702 | 1 |
_aХлебников _bА. И. _f1778-1868 _gАндрей Ильич _4180 |
|
| 702 | 1 |
_aМур _bФ. Ф. _cмичман _gФедор Федорович _4180 |
|
| 702 | 1 |
_aСредний _bВ. _4180 |
|
| 712 | 0 | 1 |
_4610 _aРоссия _bМорское министерство _bТипография _9383522 _3RU\NLR\AUTH\889944172 |
| 712 | 0 | 1 |
_4650 _aРоссия _bМорское министерство _bАртиллерийский департамент _9383320 _3RU\NLR\AUTH\889944068 |
| 801 | 0 |
_aRU _bNLR _gpsbo |
|
| 801 | 1 |
_aRU _bProSoft-M _2rusmarc |
|
| 801 | 2 |
_aRU _bNLR _c20111010 _2rusmarc |
|
| 852 |
_aNLR _j18.7.2.13 |
||
| 852 |
_aNLR _j140/74 |
||
| 852 |
_aNLR _j37.14.2.24(3) |
||
| 852 |
_aNLR _bРЗФ _j18 в. 7/447 |
||
| 852 |
_aNLR _bРЗФ _j18 в. 5/44 (ал.2) |
||
| 942 | _cBOOK | ||
| 980 | _aNB | ||
| 980 | 3 | _akpcivil2020 | |
| 980 | 3 | _akp2020 | |
| 980 | 3 | _akp | |
| 981 | 2 | 2 |
_a(22) Материалы по истории России _b(22) Путешествия и экспедиции |
| 981 | 2 | 0 |
_a(20) Книжные памятники РНБ _b(20) Русский книжный фонд |